Sélection de tuiles - Top 6 spécial France - Statistiques

Statistiques générales
  • Ce quiz a été pris 21 fois
  • Le résultat moyen est 43 sur 60
Statistiques - réponses
Question Tuile Select % Correct
Les villes les plus peuplées (communes seules) Lyon Oui
100%
Prénoms les plus portés en France Marie Oui
100%
Les villes les plus peuplées (communes seules) Marseille Oui
100%
Les villes les plus peuplées (communes seules) Montpellier Non
100%
Clubs de football ayant remporté le plus de Ligue 1 Olympique de Marseille Oui
100%
Clubs de football ayant remporté le plus de Ligue 1 Olympique lyonnais Oui
100%
Les villes les plus peuplées (communes seules) Paris Oui
100%
Clubs de football ayant remporté le plus de Ligue 1 Paris Saint-Germain Oui
100%
Clubs de football ayant remporté le plus de Ligue 1 RC Strasbourg Non
100%
Les villes les plus peuplées (communes seules) Toulon Non
100%
Clubs de football ayant remporté le plus de Ligue 1 AJ Auxerre Non
95%
Clubs de football ayant remporté le plus de Ligue 1 AS Saint-Étienne Oui
95%
Départements les plus peuplés Bouches-du-Rhône Oui
95%
Départements les plus peuplés Isère Non
95%
Fromages AOP les plus vendus Maroilles Non
90%
Fromages AOP les plus vendus Neufchâtel Non
90%
Clubs de football ayant remporté le plus de Ligue 1 OGC Nice Non
90%
Départements les plus peuplés Seine-Saint-Denis Oui
90%
Prénoms les plus portés en France Sylvie Non
90%
Fromages AOP les plus vendus Comté Oui
86%
Prénoms les plus portés en France Jean Oui
86%
Départements les plus peuplés Paris Oui
86%
Fromages AOP les plus vendus Roquefort Oui
86%
Prénoms les plus portés en France Dominique Non
81%
Départements les plus peuplés Hérault Non
81%
Départements les plus peuplés La Réunion Non
81%
Prénoms les plus portés en France Martine Non
81%
Fromages AOP les plus vendus Munster Non
81%
Les villes les plus peuplées (communes seules) Rennes Non
81%
Clubs de football ayant remporté le plus de Ligue 1 Stade de Reims Non
81%
Fromages AOP les plus vendus Reblochon Oui
76%
Les villes les plus peuplées (communes seules) Toulouse Oui
76%
Départements les plus peuplés Pas-de-Calais Non
71%
Départements les plus peuplés Val-d'Oise Non
71%
Prénoms les plus portés en France Michel Oui
67%
Départements les plus peuplés Rhône Oui
67%
Prénoms les plus portés en France Théo Non
67%
Fromages AOP les plus vendus Bleu d'Auvergne Non
62%
Clubs de football ayant remporté le plus de Ligue 1 Girondins de Bordeaux Non
62%
Prénoms les plus portés en France Hugo Non
62%
Clubs de football ayant remporté le plus de Ligue 1 Lille OSC Non
62%
Les villes les plus peuplées (communes seules) Strasbourg Non
62%
Les villes les plus peuplées (communes seules) Lille Non
57%
Prénoms les plus portés en France Nicolas Oui
57%
Départements les plus peuplés Nord Oui
57%
Départements les plus peuplés Hauts-de-Seine Non
52%
Prénoms les plus portés en France Philippe Oui
52%
Fromages AOP les plus vendus Saint-Nectaire Oui
52%
Clubs de football ayant remporté le plus de Ligue 1 FC Nantes Oui
48%
Clubs de football ayant remporté le plus de Ligue 1 AS Monaco Oui
43%
Fromages AOP les plus vendus Brie de Meaux Non
38%
Départements les plus peuplés Gironde Oui
38%
Les villes les plus peuplées (communes seules) Nice Oui
38%
Prénoms les plus portés en France Alain Oui
33%
Les villes les plus peuplées (communes seules) Bordeaux Non
33%
Fromages AOP les plus vendus Cantal Oui
33%
Prénoms les plus portés en France Léa Non
33%
Fromages AOP les plus vendus Morbier Oui
29%
Fromages AOP les plus vendus Camembert de Normandie Non
14%
Les villes les plus peuplées (communes seules) Nantes Oui
14%
Aucun quiz correspondant
Distribution des résultats
% des personnes avec chaque résultat
Percentile par nombre de réponses
Votre historique - résultats
Vous n’avez pas pris ce quiz